Sofía Casanova / (Record no. 173934)

MARC details
000 -LEADER
campo de control de longitud fija 00813nam a2200241 4500
001 - NÚMERO DE CONTROL
campo de control 173934
003 - IDENTIFICADOR DE NÚMERO DE CONTROL
campo de control ES-MaACL
005 - FECHA Y HORA DE LA ÚLTIMA TRANSACCIÓN
campo de control 20250811102559.0
008 - DATOS DE LONGITUD FIJA--INFORMACIÓN GENERAL
campo de control de longitud fija 100129s2001 sp a |||| |bglg d
020 ## - NÚMERO INTERNACIONAL ESTÁNDAR DEL LIBRO
Número Internacional Estándar del Libro 84-920260-8-1
080 ## - NÚMERO DE LA CLASIFICACIÓN DECIMAL UNIVERSAL
Número de la Clasificación Decimal Universal 929 Casanova, Sofía
100 1# - ENTRADA PRINCIPAL--NOMBRE DE PERSONA
Nombre de persona Martínez Martínez, Rosario.
9 (RLIN) 142077
245 10 - MENCIÓN DEL TÍTULO
Título Sofía Casanova /
Mención de responsabilidad, etc. María Rosario Martínez Martínez.
260 ## - PUBLICACIÓN, DISTRIBUCIÓN, ETC.
Lugar de publicación, distribución, etc. Ferrol :
Nombre del editor, distribuidor, etc. Ateneo Ferrolán,
Fecha de publicación, distribución, etc. 2001.
300 ## - DESCRIPCIÓN FÍSICA
Extensión 88 p. :
Otras características físicas il. ;
Dimensiones 30 cm.
490 1# - MENCIÓN DE SERIE
Mención de serie Cadernos Ateneo Ferrolán ;
Designación de volumen o secuencia ano 17, n. 15
504 ## - NOTA DE BIBLIOGRAFÍA, ETC.
Nota de bibliografía, etc. Bibliografía.
600 17 - PUNTO DE ACCESO ADICIONAL DE MATERIA--NOMBRE DE PERSONA
Nombre de persona Casanova, Sofía,
Fechas asociadas al nombre 1862-1958-
Subdivisión general Biografías
Fuente del encabezamiento o término
9 (RLIN) 142078
710 2# - ENTRADA AGREGADA--NOMBRE DE ENTIDAD CORPORATIVA
Nombre de entidad corporativa o nombre de jurisdicción como elemento de entrada Ateneo Ferrolán.
9 (RLIN) 2041
830 10 - PUNTO DE ACCESO ADICIONAL DE SERIE-TÍTULO UNIFORME
Título uniforme Cadernos do Ateneo Ferrolán
Designación de volumen o secuencia ano 17, n. 15
9 (RLIN) 223617
852 4# - LOCALIZACIÓN
Ubicación BA
Número de control de estantería 2279-F-22
Holdings
Estatus retirado Estado de pérdida Estado de daño No para préstamo Colección Biblioteca de origen Biblioteca actual Ubicación en estantería Fecha de adquisición Fuente de adquisición Total de préstamos Signatura topográfica completa Código de barras Visto por última vez Precio de reemplazo Tipo de ítem Koha
        Colección de folletos Biblioteca del Ateneo de Madrid Biblioteca del Ateneo de Madrid Depósito folletos 29/01/2010     2279-F-22 1182576 23/02/2023 23/02/2023 Folleto